Statistiques concernant Gâtinais - culture

Cliquez ici pour prendre le quiz!

Statistiques générales

  • Ce quiz a été pris 7 fois
  • Le résultat moyen est 8 sur 15

Statistiques - réponses

...Réponses% Correct
Départements formant la région du GâtinaisLoiret
Seine-et-Marne
Essonne
Yonne
Nièvre
100%
Ville en bord de Loire célèbre pour sa porcelaineGien
Briare
67%
Capitale historique du Gâtinais orléanais, le Sud de la régionMontargis
67%
Capitale historique du Gâtinais français, le Nord de la régionNemours
67%
Forêt hantée du LoiretForêt de Montargis
50%
Bière blanche du Gâtinaisla Gâtine
50%
Surnom de celle-cila Venise du Gâtinais
50%
Rivière se jetant dans la Seine et jouxtée par un autre canalLoing
50%
Village enclavé au cœur de la forêt précédemment citéePaucourt
50%
Canal permettant la navigation entre la Loire et la SeineCanal de Briare
33%
Ville connue pour son abbaye médiévaleFerrières-en-Gâtinais
33%
Association culturelle localeGâtinais libre
33%
Personnage des "Visiteurs" effrayé par la sorcière de cette même forêtJacquouille la Fripouille
33%
Village dans lequel Jacqueline Sauvage a tué son marila Selle-sur-le-Bied
33%
Radio du Sud Seine-et-MarneOxigène
33%

Distribution des résultats

Percentile par nombre de réponses

% des personnes avec chaque résultat

Votre développement - résultats

Vous n’avez pas pris ce quiz